Humans (Record no. 86617)

MARC details
000 -LEADER
fixed length control field 00722nam a22002537a 4500
003 - CONTROL NUMBER IDENTIFIER
control field CBULib
005 - DATE AND TIME OF LATEST TRANSACTION
control field 20260113092558.0
008 - FIXED-LENGTH DATA ELEMENTS--GENERAL INFORMATION
fixed length control field 260113b |||||||| |||| 00| 0 eng d
020 ## - INTERNATIONAL STANDARD BOOK NUMBER
International Standard Book Number 9781509851744
040 ## - CATALOGING SOURCE
Language of cataloging English
Transcribing agency CBULib
Modifying agency CBULib
Description conventions rda
041 ## - LANGUAGE CODE
Language code of text/sound track or separate title eng
050 ## - LIBRARY OF CONGRESS CALL NUMBER
Classification number F 116 Sta
100 ## - MAIN ENTRY--PERSONAL NAME
9 (RLIN) 5170
Personal name Stanton, Brandon
245 ## - TITLE STATEMENT
Title Humans
Statement of responsibility, etc / by Brandon Stanton
260 ## - PUBLICATION, DISTRIBUTION, ETC. (IMPRINT)
Place of publication, distribution, etc London:
Name of publisher, distributor, etc Macmillan,
Date of publication, distribution, etc 2020
300 ## - PHYSICAL DESCRIPTION
Extent 437 pages : illustrations
336 ## - CONTENT TYPE
Source rdacontent
Content type term Text |
Content type code txt
337 ## - MEDIA TYPE
Source rdamedia
Media type term Unmediated |
Media type code n
338 ## - CARRIER TYPE
Source rdacarrier
Carrier type term Volume
Carrier type code nc
650 #0 - SUBJECT ADDED ENTRY--TOPICAL TERM
Source of heading or term Worldcat
9 (RLIN) 5168
Topical term following geographic name as entry element CARING
650 #0 - SUBJECT ADDED ENTRY--TOPICAL TERM
Source of heading or term Worldcat
9 (RLIN) 5169
Topical term or geographic name as entry element HUMAN BEINGS
650 #0 - SUBJECT ADDED ENTRY--TOPICAL TERM
Source of heading or term Worldcat
9 (RLIN) 832
Topical term or geographic name as entry element CONDUCT OF LIFE
942 ## - ADDED ENTRY ELEMENTS (KOHA)
Source of classification or shelving scheme
Koha item type MONOGRAPH
Holdings
Withdrawn status Lost status Source of classification or shelving scheme Damaged status Not for loan Collection code Permanent Location Current Location Shelving location Date acquired Source of acquisition Cost, normal purchase price Total Checkouts Full call number Barcode Date last seen Copy number Price effective from Koha item type
          CBU-Lusaka Campus CBU- LUSAKA CAMPUS CBU- LUSAKA CAMPUS General Stacks 01/13/2026 BOOK AID INTERNATIONAL 14.45   F 116 Sta 753869 01/13/2026 1 01/13/2026 MONOGRAPH
          CBU-Lusaka Campus CBU- LUSAKA CAMPUS CBU- LUSAKA CAMPUS General Stacks 01/13/2026 BOOK AID INTERNATIONAL 14.45   F 116 Sta 753870 01/13/2026 2 01/13/2026 MONOGRAPH
          Michael Chilufya Sata Collection CBU-MICHAEL CHILUFYA SATA LIBRARY CBU-MICHAEL CHILUFYA SATA LIBRARY General Stacks 02/10/2026 Book aid International 14.00   F 116 Sta 934250 02/10/2026 4 02/10/2026 MONOGRAPH
          Medical Library Collection CBU-SCHOOL OF MEDICINE LIBRARY, NDOLA. CBU-SCHOOL OF MEDICINE LIBRARY, NDOLA. General Stacks 02/10/2026 Book aid International 14.00   F 116 Sta 934249 02/10/2026 3 02/10/2026 MONOGRAPH